Normal view
MARC view
- Marathi Literature
Entry Topical Term
001 - CONTROL NUMBER
- control field: 28003
003 - CONTROL NUMBER IDENTIFIER
- control field: OSt
005 - DATE AND TIME OF LATEST TRANSACTION
- control field: 20220803173134.0
008 - FIXED-LENGTH DATA ELEMENTS
- fixed length control field: 220803|| aca||aabn | a|a d
040 ## - CATALOGING SOURCE
- Original cataloging agency: OSt
- Transcribing agency: OSt
150 ## - HEADING--TOPICAL TERM
- Topical term or geographic name entry element: Marathi Literature
670 ## - SOURCE DATA FOUND
- Source citation: Work cat.: (OSt)17806: Canfield J 28002, Chicken Soup For The Mother's Soul, 2009